[Event "BL2-S9798"]
[Site "Germany"]
[Date "1997.??.??"]
[Round "?.1"]
[White "Heidenfeld, Mark"]
[Black "Beikert, Guenther"]
[Result "0-1"]
[WhiteElo "2315"]
[BlackElo "2475"]

1.e4 c5 2.Nf3 e6 3.d4 cxd4 4.Nxd4 Nc6 5.Nc3 Qc7 6.g3 a6 7.Bg2 d6 8.O-O Bd7
9.a4 Nf6 10.b3 Be7 11.Bb2 O-O 12.h3 Rac8 13.Re1 Rfd8 14.Nxc6 Bxc6 15.Re3 b5
16.axb5 axb5 17.Ba3 Ra8 18.Bb4 Rxa1 19.Qxa1 Ra8 20.Qd1 Nd7 21.Bf1 Qb8 22.Re1 Nc5
23.e5 dxe5 24.Qe2 Nxb3 25.Nxb5 Bxb4 26.Rb1  0-1

[Event "BL2-S9697"]
[Site "Germany"]
[Date "1997.??.??"]
[Round "?.2"]
[White "Zuse, Klaus Peter"]
[Black "Escher, Thomas"]
[Result "1-0"]
[WhiteElo "2340"]
[BlackElo "2235"]

1.e4 c5 2.Nf3 e6 3.d4 cxd4 4.Nxd4 Nc6 5.Nc3 a6 6.Nxc6 bxc6 7.Bd3 e5 8.O-O Nf6
9.f4 d6 10.Kh1 Be7 11.fxe5 dxe5 12.Ne2 Be6 13.Qe1 O-O 14.Ng3 c5 15.b3 Qd4
16.Be3 Qb4 17.Bd2 Qb7 18.Bc3 Nd7 19.Nf5 Bf6 20.Rd1 Nb6 21.Qg3 Bxf5 22.Rxf5 Kh8
23.Bxe5 Bxe5 24.Qxe5 c4 25.bxc4 Rad8 26.Rb1 Qc6 27.Qc5 Qxc5 28.Rxc5 Na4 29.Ra5 Nc3
30.Re1 Rfe8 31.e5 f5 32.Bxf5 Rd2 33.Bd3 Nd1 34.Re2 Rxe2 35.Bxe2 Ne3 36.Rxa6 g6
37.e6 Nxc2 38.Bf3 Kg7 39.Bd5 Ne3 40.Ra7+ Kf6 41.Rxh7 Rc8 42.Kg1 Nxc4 43.Rf7+ Ke5
44.Bxc4 Rxc4 45.e7 Rc8 46.Rf8 Rc1+ 47.Kf2  1-0

[Event "Oberliga Nord N9697"]
[Site "Germany"]
[Date "1997.??.??"]
[Round "?"]
[White "Mach, Holger"]
[Black "Neukirch, Detlef"]
[Result "1-0"]
[WhiteElo "2295"]
[BlackElo "2310"]

1.e4 c5 2.Nc3 Nc6 3.Nge2 e6 4.d4 cxd4 5.Nxd4 Qc7 6.Nxc6 bxc6 7.Bd3 Nf6 8.O-O d6
9.f4 Be7 10.Kh1 O-O 11.Qf3 e5 12.Bd2 exf4 13.Bxf4 Be6 14.Rae1 Ne8 15.e5 d5
16.Qh5 g6 17.Qh6 Rb8 18.Rf3 Rxb2 19.Rg1 Qd7 20.g4 f5 21.Rh3 Bc5 22.gxf5 Bxf5
23.Bxf5 Rxf5 24.Rxg6+ hxg6 25.Qh8+ Kf7 26.Rh7+ Ke6 27.Qg8+ Rf7 28.Qxg6+ Nf6
29.exf6  1-0

[Event "Landesliga Nord 9697 Bayern"]
[Site "Germany"]
[Date "1997.??.??"]
[Round "?"]
[White "Reis, Gerhard"]
[Black "Kunz, Konstantin"]
[Result "1/2-1/2"]
[WhiteElo "2180"]
[BlackElo "2290"]

1.e4 c5 2.Nf3 e6 3.d4 cxd4 4.Nxd4 Nc6 5.Nc3 Qc7 6.Be3 Nf6 7.Be2 Be7 8.O-O O-O
9.f4 d6 10.Qe1 Nxd4 11.Bxd4 e5 12.Be3 exf4 13.Bxf4 Qb6+ 14.Kh1 Qxb2 15.Qg3 Qxc2
16.Rfc1 Qb2 17.Rab1 Qa3 18.Nd5 Nxd5 19.Qxa3 Nxf4 20.Bc4 a6 21.e5 d5 22.Qxe7 dxc4
23.Rxc4 Ng6 24.Qg5 Be6 25.Rd4 b5 26.a4 Rfe8 27.Re1 Bc4 28.Qg3 Re7 29.h4 h6
30.h5 Nf8 31.Qa3 Rae8 32.axb5 axb5 33.Rd8 Ne6 34.Qxe7 Rxd8 35.Kh2 Ra8 36.Rd1 Ng5
37.Rd4 Ne6 38.Rd7 Rf8 39.Rb7 Nf4 40.g4 Ne6 41.Rb6 Ng5 42.Rd6  1/2-1/2

[Event "BL2-W9697"]
[Site "Germany"]
[Date "1997.??.??"]
[Round "?.6"]
[White "Holzke, Frank"]
[Black "Heinbuch, Detlef"]
[Result "1/2-1/2"]
[WhiteElo "2375"]
[BlackElo "2365"]

1.e4 c5 2.Nf3 Nc6 3.d4 cxd4 4.Nxd4 e6 5.Nc3 d6 6.g3 Nf6 7.Bg2 Bd7 8.O-O Be7
9.Nb3 O-O 10.g4 h6 11.f4 b5 12.a3 a5 13.a4 bxa4 14.Nxa4 Qc7 15.Be3 Rab8 16.h3  1/2-1/2

[Event "Oberliga Nord W9798"]
[Site "Germany"]
[Date "1997.??.??"]
[Round "?.3"]
[White "Oppitz, Peter"]
[Black "Richter, Matthias Alexander"]
[Result "1-0"]
[WhiteElo "2205"]
[BlackElo "2275"]

1.e4 c5 2.Nf3 e6 3.d4 cxd4 4.Nxd4 Nc6 5.Nc3 d6 6.Be2 Nf6 7.O-O Be7 8.Be3 O-O
9.f4 Bd7 10.Qe1 g6 11.Rd1 Nxd4 12.Bxd4 Bc6 13.f5 b5 14.Bxb5 Bxb5 15.Nxb5 e5
16.Bc5 Qb8 17.Bxd6 Bxd6 18.Nxd6 Qxb2 19.Qh4 Kg7 20.fxg6 fxg6 21.Qg5 Ng8 22.Rxf8 Rxf8
23.Nc4 Qxc2 24.Qxe5+ Kh6 25.Qd4 Nf6 26.Rf1 Qxa2 27.Ne3 Qe6 28.e5 Nd7 29.Rxf8 Nxf8
30.Qxa7 Nd7 31.Qd4 Kg5 32.Nc4 Qg4 33.Qd2+ Qf4 34.h4+  1-0

[Event "NRW-Liga 9798"]
[Site "Germany"]
[Date "1997.??.??"]
[Round "1.6"]
[White "Waechtler, Frank"]
[Black "Kos, Sebastian"]
[Result "1/2-1/2"]
[WhiteElo "2235"]
[BlackElo "2210"]

1.e4 c5 2.Nf3 Nc6 3.Nc3 e6 4.d4 cxd4 5.Nxd4 Qb6 6.Nb3 Nf6 7.Be3 Qc7 8.f4 d6
9.Be2 Be7 10.Qd2 a6 11.g4 b5 12.a3 Bb7 13.g5 Nd7 14.f5 Nce5 15.fxe6 fxe6
16.Nd4 Nc5 17.b4 Nxe4 18.Nxe4 Bxe4 19.O-O Bd5 20.a4 bxa4  1/2-1/2

[Event "NRW-Liga 9798"]
[Site "Germany"]
[Date "1997.??.??"]
[Round "2"]
[White "Hommeles, Theo"]
[Black "Riemersma, Liafbern"]
[Result "1/2-1/2"]
[WhiteElo "2335"]
[BlackElo "2455"]

1.e4 c5 2.Nf3 e6 3.d4 cxd4 4.Nxd4 Nc6 5.Nc3 Qc7 6.Be2 a6 7.O-O Nf6 8.Kh1 d6
9.f4 Be7 10.Be3 O-O 11.Qe1 Nxd4 12.Bxd4 b5 13.Qg3 Bb7 14.a3 Kh8 15.Rae1 Rad8
16.Bd3 Bc6 17.Re3 h6 18.e5 dxe5 19.Bxe5 Qb7 20.f5 Nh5 21.Qg4 f6 22.Rh3 fxe5
23.Rxh5 e4 24.Nxe4 Rd4 25.Qg6 Bxe4 26.Rxh6+ gxh6 27.Qxh6+ Kg8 28.Qg6+  1/2-1/2

[Event "NRW-Liga 9798"]
[Site "Germany"]
[Date "1997.??.??"]
[Round "4"]
[White "Roemhild, Marcus"]
[Black "Beeker, Detlef"]
[Result "0-1"]
[WhiteElo "2195"]
[BlackElo "2145"]

1.e4 c5 2.Nf3 e6 3.Nc3 Nc6 4.d4 cxd4 5.Nxd4 Qc7 6.Be2 a6 7.O-O Nf6 8.Be3 Bb4
9.Nxc6 bxc6 10.Na4 Be7 11.Bd3 d5 12.Bb6 Qb8 13.Re1 Bd6 14.h3 O-O 15.b3 Nd7
16.Ba5 e5 17.Qd2 f5 18.Rad1 fxe4 19.Bxe4 Nf6 20.Bd3 Ra7 21.c4 e4 22.Bf1 Raf7
23.cxd5 Nxd5 24.Bc4 Rxf2 25.Bxd5+ Kh8 26.Qxf2 Bh2+ 27.Kf1 Rxf2+ 28.Kxf2 Qg3+
29.Kf1 Bxh3 30.Bxe4 Qf4+ 31.Ke2 Qxe4+ 32.Kd2 Qd4+ 33.Kc1 Bf4+ 34.Rd2 Bxd2+
35.Bxd2 Qa1+ 36.Kc2 Bf5+  0-1

[Event "NRW-Liga I 9697"]
[Site "Germany"]
[Date "1997.??.??"]
[Round "6.4"]
[White "Ahn, Martin"]
[Black "Rosen, Bernd"]
[Result "1/2-1/2"]
[WhiteElo "2320"]
[BlackElo "2315"]

1.e4 c5 2.Nf3 e6 3.Nc3 Nc6 4.d4 cxd4 5.Nxd4 Nf6 6.Ndb5 Bb4 7.a3 Bxc3+ 8.Nxc3 d5
9.exd5 exd5 10.Bd3 O-O 11.O-O d4 12.Ne4 Bf5 13.Bg5 Bxe4 14.Bxe4 h6 15.Bxf6 Qxf6
16.Qf3 Qxf3 17.Bxf3 Ne5 18.Be4 Rfd8 19.Rfd1 Rac8 20.h3 b6 21.b3 Rc3 22.f4 Ng6
23.Rf1 Re3 24.Bd3 Ne7 25.Rae1 Nd5 26.Rxe3 Nxe3 27.Rf2 Kf8 28.Re2 Nd5 29.g3 Nc3
30.Re1 a5 31.a4 Re8 32.Rxe8+ Kxe8 33.Kf2 Ke7 34.Kf3 Ke6 35.Bc4+ Kf6 36.Bd3 Ke6
37.Bc4+ Kf6 38.Bd3  1/2-1/2

[Event "Goetzis IM4"]
[Site "Goetzis"]
[Date "1997.??.??"]
[Round "2"]
[White "Zumtobel, Thomas"]
[Black "Arnold, Lothar"]
[Result "0-1"]
[WhiteElo "2150"]
[BlackElo "2350"]

1.e4 c5 2.Nc3 Nc6 3.Nge2 e6 4.d4 cxd4 5.Nxd4 Qc7 6.g3 a6 7.Bg2 Nf6 8.O-O Nxd4
9.Qxd4 Bc5 10.Bf4 d6 11.Qd2 h6 12.Na4 e5 13.Nxc5 dxc5 14.Be3 Ng4 15.a4 Be6
16.Rfd1 Ke7 17.Qc3 Nxe3 18.Qxe3 Rhd8 19.Bf1 Rd4 20.Rxd4 cxd4 21.Qa3+ Qd6
22.Qxd6+ Kxd6 23.Bd3 Kc5 24.b3 Kb4 25.f4 f6 26.Kf2 Kc3 27.f5 Bf7 28.g4 Kd2
29.Ra3 a5 30.h4 Rc8 31.g5 hxg5 32.hxg5 fxg5 33.Kg3 Bh5 34.Ra1 Bd1 35.c4 dxc3  0-1

[Event "Groningen op"]
[Site "Groningen"]
[Date "1997.??.??"]
[Round "2"]
[White "Borge, Nikolaj"]
[Black "Tregubov, Pavel V"]
[Result "1-0"]
[WhiteElo "2360"]
[BlackElo "2550"]

1.e4 c5 2.Nf3 e6 3.d4 cxd4 4.Nxd4 Nc6 5.Nc3 Qc7 6.g3 a6 7.Bg2 d6 8.O-O Bd7
9.a4 Nf6 10.Nb3 Be7 11.a5 Ne5 12.f4 Nc4 13.Qe2 O-O 14.g4 Rfc8 15.g5 Ne8 16.h4 b5
17.axb6 Qxb6+ 18.Kh1 a5 19.f5 a4 20.fxe6 fxe6 21.Nd2 Ne5 22.Nf3 a3 23.Ra2 Qc5
24.Be3 Qc4 25.Qd1 Bc6 26.Bd4 axb2 27.Rxb2 Ng6 28.Qd2 Nc7 29.h5 Nf8 30.Rfb1 e5
31.Be3 Qf7 32.h6 gxh6 33.gxh6 Nce6 34.Rg1 Qh5+ 35.Nh2 Ng6 36.Nd5 Bg5 37.Bf3 Bxe3  1-0

[Event "Groningen op"]
[Site "Groningen"]
[Date "1997.??.??"]
[Round "7"]
[White "Ehlvest, Jaan"]
[Black "Movsesian, Sergei"]
[Result "1/2-1/2"]
[WhiteElo "2610"]
[BlackElo "2555"]

1.e4 c5 2.Nf3 Nc6 3.d4 cxd4 4.Nxd4 e6 5.Nc3 Qc7 6.Be2 Nf6 7.Ndb5 Qb8 8.g3 a6
9.Nd4 Bb4 10.O-O O-O 11.Bf3 Qc7 12.Bg2 Nxd4 13.Qxd4 Bc5 14.Bf4 d6 15.Qd2 h6
16.Be3 Bxe3  1/2-1/2

[Event "Groningen op"]
[Site "Groningen"]
[Date "1997.??.??"]
[Round "8"]
[White "Willemze, Jeroen"]
[Black "Valens, Vincent"]
[Result "1-0"]
[WhiteElo "2270"]
[BlackElo "2190"]

1.e4 c5 2.Nf3 Nc6 3.Nc3 e6 4.d4 cxd4 5.Nxd4 Qc7 6.Be2 a6 7.O-O Nf6 8.Be3 Bb4
9.Nxc6 bxc6 10.Na4 Be7 11.Nb6 Rb8 12.Nxc8 Qxc8 13.e5 Nd5 14.Bc1 Bc5 15.c4 Ne7
16.Kh1 Qc7 17.f4 O-O 18.Bd3 g6 19.b3 Bd4 20.Ba3 c5 21.Rb1 f6 22.exf6 Rxf6
23.Bc1 Rbf8 24.Bd2 e5 25.Qe2 R8f7 26.g3 d6 27.Be4 Qc8 28.Bg2 Kh8 29.b4 cxb4
30.Rxb4 g5 31.Qe4 gxf4 32.gxf4 Qg4 33.Rb8+ Kg7 34.Rb7 Rh6 35.Rf3 Rg6 36.Rf1 Rh6
37.f5 Rh4 38.Qxg4+ Rxg4 39.Rxe7  1-0

[Event "Groningen op"]
[Site "Groningen"]
[Date "1997.??.??"]
[Round "8"]
[White "Lanka, Zigurds"]
[Black "Sulipa, Aleksandar"]
[Result "1-0"]
[WhiteElo "2565"]
[BlackElo "2415"]

1.e4 c5 2.Nf3 e6 3.d4 cxd4 4.Nxd4 Nc6 5.Nc3 Qc7 6.Be2 a6 7.Be3 Nf6 8.a3 Be7
9.f4 O-O 10.O-O d6 11.Kh1 Rd8 12.Qe1 Nxd4 13.Bxd4 e5 14.Be3 exf4 15.Bxf4 Be6
16.Qg3 Nd7 17.Bd3 Ne5 18.Bxe5 dxe5 19.Nd5 Bxd5 20.exd5 Bd6 21.Be4 g6 22.h4 Bf8
23.Qb3 Rd6 24.g4 Be7 25.g5 Rf8 26.c4 b6 27.Rf2 Qc5 28.Raf1 Qd4 29.Qd3 f5
30.Qxd4 exd4 31.Bd3 Rd7 32.Re2 a5 33.Re6 Bd6 34.Kg2 Rff7 35.Bc2 Rfe7 36.Rfe1 Rxe6
37.Rxe6 Kf7 38.Kf3 Rd8 39.Ba4 Kg7 40.Ke2 f4 41.Bc2 Bc5 42.Kf3 Ra8 43.Be4 Ra7
44.Rc6 Re7 45.d6  1-0

[Event "Haarlem op"]
[Site "Haarlem"]
[Date "1997.??.??"]
[Round "1"]
[White "De Mie, Mariska"]
[Black "Kuipers, Eelco"]
[Result "0-1"]
[WhiteElo "2150"]
[BlackElo "2195"]

1.e4 c5 2.Nf3 Nc6 3.d4 cxd4 4.Nxd4 e6 5.Nc3 Qc7 6.Be2 a6 7.Be3 Nf6 8.O-O Bb4
9.Nxc6 bxc6 10.Na4 O-O 11.Nb6 Rb8 12.Nxc8 Rfxc8 13.Bxa6 Re8 14.Bd3 d5 15.exd5 cxd5
16.h3 Bd6 17.Qc1 e5 18.c3 e4 19.Bc2 Qe7 20.Bd4 Nh5 21.Qd1 g6 22.b4 Bc7 23.g3 Qe6
24.Qg4 f5 25.Qh4 Bd8  0-1

[Event "Haarlem op"]
[Site "Haarlem"]
[Date "1997.??.??"]
[Round "4"]
[White "Xie Jun"]
[Black "Kuipers, Eelco"]
[Result "1-0"]
[WhiteElo "2500"]
[BlackElo "2210"]

1.e4 c5 2.Nf3 e6 3.d4 cxd4 4.Nxd4 Nc6 5.Nc3 Qc7 6.Be2 a6 7.O-O Nf6 8.Kh1 b5
9.Nxc6 dxc6 10.f4 b4 11.e5 bxc3 12.exf6 gxf6 13.b3 c5 14.Qd3 Bb7 15.Qxc3 Rg8
16.Bf3 f5 17.Qc4 Bg7 18.c3 Rc8 19.Be3 Bf6 20.Rad1 Bxf3 21.Rxf3 Qc6 22.a4 Kf8
23.Bf2 Kg7 24.Rfd3 Kh8 25.Bg3 h5 26.Rd6 Rcd8 27.Rxd8 Rxd8 28.Rxd8+ Bxd8 29.h3 Qd5
30.Qxa6 Qd1+ 31.Kh2 Qxb3 32.Qc8  1-0

[Event "Wichern op"]
[Site "Hamburg"]
[Date "1997.??.??"]
[Round "6"]
[White "Kreiman, Boris"]
[Black "Groeppel, Peter"]
[Result "1/2-1/2"]
[WhiteElo "2465"]
[BlackElo "2140"]

1.e4 c5 2.Nf3 Nc6 3.Nc3 e6 4.d4 cxd4 5.Nxd4 Qc7 6.Be2 a6 7.O-O Nf6 8.Be3 Be7
9.f4 d6 10.a4 O-O 11.Nb3 b6 12.Bd3 Na5 13.Nd2 Bb7 14.Qe2 e5 15.Kh1 Rfe8 16.Nf3 d5
17.Bd2 dxe4 18.Nxe4 Nxe4 19.Bxe4 Bxe4 20.Qxe4 exf4 21.Rae1 Qc6 22.Bxa5 Qxe4
23.Rxe4 bxa5 24.Rfe1 Kf8 25.Ne5 f5 26.Rxf4 g6 27.Nd3 h5 28.Rc4 Rac8 29.Ne5 Bd6
30.Rxc8 Rxc8 31.Nxg6+ Kf7 32.Ne5+ Bxe5 33.Rxe5 Rxc2 34.Kg1 Kf6 35.Rxa5 Rxb2
36.Rxa6+ Kg5 37.Ra8 Kf4 38.Rd8 Rb1+ 39.Kf2 Rb2+ 40.Kf1 Rb1+ 41.Ke2 Rb4 42.g3+ Kg4
43.a5 Ra4 44.Ra8 Ra2+ 45.Ke3 Rxh2 46.a6 Ra2 47.Rg8+ Kh3 48.Rg6 Ra4 49.Kf3 h4
50.Rh6 Ra3+ 51.Kf4 Ra4+ 52.Kf3 Ra3+ 53.Kf4 Ra4+ 54.Kf3 Ra3+  1/2-1/2

[Event "Wichern op"]
[Site "Hamburg"]
[Date "1997.??.??"]
[Round "7"]
[White "Heinemann, Thies"]
[Black "Ruzele, Darius"]
[Result "1/2-1/2"]
[WhiteElo "2450"]
[BlackElo "2525"]

1.e4 c5 2.Nf3 e6 3.d4 cxd4 4.Nxd4 Nc6 5.Nc3 Qc7 6.f4 a6 7.Nxc6 Qxc6 8.Bd3 b5
9.Qe2 Bb7 10.Bd2 Be7 11.a4 b4 12.Na2 Qb6 13.Be3 Bc5 14.Bxc5 Qxc5 15.Qf2 Qxf2+
16.Kxf2 Nf6 17.Rhe1 a5 18.c3 bxc3 19.Nxc3 Ke7 20.Rab1  1/2-1/2

[Event "Hamburg ch"]
[Site "Hamburg"]
[Date "1997.??.??"]
[Round "7"]
[White "Breyther, Ruediger"]
[Black "Kroencke, Manfred"]
[Result "1-0"]
[WhiteElo "2415"]
[BlackElo "2185"]

1.e4 c5 2.Nf3 e6 3.d4 cxd4 4.Nxd4 Nc6 5.Nc3 Qc7 6.Be3 a6 7.Bd3 Nf6 8.O-O Ne5
9.h3 Bc5 10.Kh1 d6 11.f4 Nxd3 12.cxd3 b5 13.Nce2 Bb7 14.Qd2 Qe7 15.b4 Ba7
16.Nb3 O-O 17.Bxa7 Rxa7 18.Rac1 Rc8 19.Qe3 Bc6 20.Qb6 Rac7 21.Qxa6 e5 22.Na5 Be8
23.fxe5 dxe5 24.Rxc7 Rxc7 25.Qa8 h6 26.Ng3 Kh7 27.Qb8 Rc3 28.Nf5 Qxb4 29.Qxe5 Rxd3
30.Nxg7 Qxe4 31.Qxf6 Rxh3+ 32.Kg1 Qe3+ 33.Qf2 Qxf2+ 34.Rxf2 Ra3 35.Nxe8 Rxa5
36.Rxf7+ Kg6 37.Rf2  1-0

[Event "Hamburg ch"]
[Site "Hamburg"]
[Date "1997.??.??"]
[Round "8"]
[White "Putzbach, Gerd"]
[Black "Kroencke, Manfred"]
[Result "1-0"]
[WhiteElo "2255"]
[BlackElo "2185"]

1.e4 c5 2.Nf3 e6 3.d4 cxd4 4.Nxd4 Nc6 5.Nc3 Qc7 6.Nde2 a6 7.g3 Nf6 8.Bg2 Be7
9.O-O O-O 10.Re1 Bc5 11.Nf4 d6 12.Nd3 Bd7 13.Be3 Bxe3 14.Rxe3 e5 15.h3 Be6
16.g4 Rac8 17.g5 Nd7 18.h4 f6 19.Bh3 Bxh3 20.Rxh3 Ne7 21.Qg4 f5 22.exf5 Nxf5
23.Re1 Qc4 24.Re4 Qf7 25.h5 Qe6 26.Nf4 Qe8 27.Nfd5 Kh8 28.Nf4 Kg8 29.a4 Nc5
30.Re1 Nd4 31.Ncd5 Nd7 32.Ng6 Rf7 33.c3 Ne6 34.f4 Rc4 35.b3  1-0

[Event "Wichern op"]
[Site "Hamburg"]
[Date "1997.??.??"]
[Round "8"]
[White "Lampe, Dirk"]
[Black "Bartels, Holger"]
[Result "1/2-1/2"]
[WhiteElo "2295"]
[BlackElo "2150"]

1.e4 c5 2.Nf3 Nc6 3.d4 cxd4 4.Nxd4 e6 5.Nc3 Qc7 6.Be2 a6 7.O-O Nf6 8.Be3 Bb4
9.Na4 O-O 10.Nxc6 bxc6 11.Nb6 Rb8 12.Nxc8 Rfxc8 13.Bxa6 Rd8 14.Bd3 Bd6 15.f4 e5
16.f5 Rxb2 17.g4 Qa5 18.Kh1 Rxa2 19.Rb1 Bc5 20.Bg5 Be7 21.Bxf6 Bxf6 22.g5 Bxg5
23.Bc4 Ra4 24.Bxf7+ Kxf7 25.Qh5+ Kf6 26.Qxh7 Rxe4 27.Qg6+ Ke7 28.Qxg5+ Kd6
29.Qxg7 Qd5 30.Qg2 Rg8 31.Rbd1 Rxg2 32.Rxd5+ cxd5 33.Kxg2 Ke7 34.c3 Kf6 35.Rd1 d4
36.cxd4 Rxd4 37.Rxd4  1/2-1/2

[Event "Heart of Finland op"]
[Site "?"]
[Date "1997.??.??"]
[Round "6"]
[White "Lahtinen, Markku"]
[Black "Dambrauskas, Virginijus"]
[Result "0-1"]
[WhiteElo "2240"]
[BlackElo "2395"]

1.e4 c5 2.Nf3 Nc6 3.d4 cxd4 4.Nxd4 e6 5.Nc3 Qc7 6.Be2 a6 7.O-O Nf6 8.Bg5 Be7
9.Qd2 b5 10.Nxc6 dxc6 11.Qe3 e5 12.a4 b4 13.Nb1 h6 14.Bxf6 Bxf6 15.Bc4 O-O
16.Nd2 Bg5 17.Qe2 Bxd2 18.Qxd2 a5 19.Rad1 Ra7 20.Qe3 Re8 21.Qc5 Qe7 22.Rd6 Rd7
23.Rxc6 Bb7 24.Qxe7 Rexe7 25.Rc5 Bxe4 26.Bb3 Rc7 27.Rxc7 Rxc7 28.h3 Bf5 29.Rd1 Kf8
30.Rd2 Ke7 31.Kf1 Rd7 32.Rxd7+ Bxd7 33.h4 f5 34.Ke2 Kd6 35.g3 Kc5 36.Ke3 g5
37.hxg5 hxg5 38.Kd3 Bc6 39.Be6 f4 40.gxf4 gxf4 41.b3 e4+ 42.Kd2 Kd4 43.Bf5 Be8
44.Bh7 Bh5 45.Bf5 Bf3  0-1

[Event "Heart of Finland op"]
[Site "?"]
[Date "1997.??.??"]
[Round "6"]
[White "Maidla, Vallo"]
[Black "Leino, Jukka"]
[Result "1-0"]
[WhiteElo "2380"]
[BlackElo "2180"]

1.e4 c5 2.Nf3 Nc6 3.d4 cxd4 4.Nxd4 e6 5.Nc3 a6 6.Nxc6 bxc6 7.Bd3 d5 8.O-O Nf6
9.Bf4 Bb7 10.Re1 Be7 11.e5 Nd7 12.Qg4 g5 13.Bd2 h5 14.Qe2 c5 15.b3 g4 16.Na4 Bg5
17.c4 h4 18.cxd5 Bxd5 19.Be4 Bxe4 20.Bxg5 Qxg5 21.Qxe4 O-O 22.Rac1 Rab8 23.Nxc5 Nxc5
24.Rxc5 Rfc8 25.b4 Kf8 26.a3 Qd2 27.Ra1 Qg5 28.Qd3 h3 29.Qxa6 Rd8 30.Qc6 Rd2
31.b5 Rb2 32.Qd6+ Kg7 33.Qxb8 g3 34.hxg3  1-0

[Event "Rheinland-A"]
[Site "Heimbach Weis"]
[Date "1997.??.??"]
[Round "6"]
[White "Muellen, Armin"]
[Black "Czeratzki, Michael"]
[Result "0-1"]
[WhiteElo "2180"]
[BlackElo "2215"]

1.e4 e6 2.d4 c5 3.Nf3 cxd4 4.Nxd4 Nc6 5.Nc3 Bb4 6.Nb5 Nf6 7.Nd6+ Ke7 8.Bf4 Qa5
9.Qd3 Ne5 10.Qg3 Bxd6 11.O-O-O Nh5 12.Qh4+ f6 13.Rxd6 Nxf4 14.Rd2 g5 15.Qg3 Qc5
16.Na4 Qb4 17.Nc3 a6 18.h4 Nf7 19.hxg5 fxg5 20.Qe3 b6 21.g3 Ng6 22.f4 Bb7
23.Rd4 Qc5 24.Na4 gxf4 25.gxf4 Qc7 26.Nxb6 Rad8 27.Kb1 Nxf4 28.Bxa6 Bxa6
29.Qa3+ Ke8 30.Qxa6 Rb8 31.Nc4 e5 32.Rd2 Qc6 33.Qxc6 dxc6 34.Rf1 Rg8 35.Rh2 Rg7
36.b3 Ng6 37.a4 Ke7 38.Kb2 Ke6 39.Rfh1 Rh8 40.a5 Nd6 41.Nd2 Kd7 42.c3 c5
43.Rh5 Nf4 44.R5h2 h5 45.Nf3 Ke6 46.Nd2 Rg4 47.a6 h4 48.Kc2 h3 49.b4 cxb4
50.cxb4 Ra8 51.Ra1 Rg2 52.Rxg2 hxg2 53.Nb3 Nh3 54.Nc5+ Ke7 55.Kb3 g1=Q 56.Rxg1 Nxg1
57.Ka4 Nxe4 58.Nxe4 Rxa6+ 59.Kb5 Rh6 60.Kc5 Kd7 61.b5 Nf3 62.b6 Rc6+ 63.Kb5 Nd4+
64.Ka6 Kc8 65.Ka7 Nb5+ 66.Ka6 Nd6 67.Nf6 Rc1 68.Ka5 Kb7 69.Nd7 e4  0-1

[Event "Helsinki-Stockholm"]
[Site "Helsinki"]
[Date "1997.??.??"]
[Round "?"]
[White "Raaste, Eero J"]
[Black "Lindberg, Bengt"]
[Result "0-1"]
[WhiteElo "2340"]
[BlackElo "2345"]

1.e4 c5 2.Nf3 e6 3.d4 cxd4 4.Nxd4 Nc6 5.Nc3 a6 6.Be2 Qc7 7.O-O Nf6 8.Be3 Bb4
9.Na4 Be7 10.f4 b5 11.Nc3 b4 12.e5 bxc3 13.exf6 Bxf6 14.bxc3 Na5 15.Qd3 d5
16.Rae1 O-O 17.f5 e5 18.Nb3 Rd8 19.Nxa5 Qxa5 20.Bd2 Bd7 21.Kh1 Bc6 22.Qg3 Rac8
23.Bh6 Kh8 24.Bxg7+ Bxg7 25.f6 Bh6 26.Qh4 Rg8 27.Qxh6 Rg6 28.Qd2 Rcg8 29.Bf3 e4
30.Bh5 Rxg2 31.Qxg2 Rxg2 32.Kxg2 d4 33.Bg4 Qg5 34.h3 Qd2+ 35.Kg3 Qxc3+ 36.Kh4 e3
37.Bf5 Qc5 38.Bd3 Bd7 39.Re2 Qf8 40.Kh5 Qc5+ 41.Kh4 Qf8 42.Kh5 Qg8 43.Be4 Qg3
44.Rg2 Qe5+  0-1

[Event "Helsinki We SKF op"]
[Site "Helsinki"]
[Date "1997.??.??"]
[Round "1"]
[White "Simola, Tuomas"]
[Black "Kochyev, Alexander"]
[Result "0-1"]
[WhiteElo "2085"]
[BlackElo "2435"]

1.e4 c5 2.Nf3 e6 3.d4 cxd4 4.Nxd4 Nc6 5.Nc3 a6 6.Be3 Nf6 7.Bd3 Qc7 8.O-O Ne5
9.h3 Bc5 10.Kh1 d6 11.f4 Ng6 12.Qe1 O-O 13.Nce2 Qb6 14.c3 Qxb2 15.Qg3 Kh8
16.Rab1 Qa3 17.Bc1 Qa5 18.Nb3 Qc7 19.Nxc5 Qxc5 20.e5 Nd5 21.Be4 Rd8 22.h4 Nge7
23.Rd1 b5 24.Qe3 Bb7 25.Qf3 Nf5 26.Bxf5 exf5 27.Bb2 Qc6 28.Rg1 dxe5 29.fxe5 Qh6  0-1

[Event "Helsinki We Hm-93"]
[Site "Helsinki"]
[Date "1997.??.??"]
[Round "5"]
[White "Hamalainen, Sami"]
[Black "Kiik, Kalle"]
[Result "0-1"]
[WhiteElo "2140"]
[BlackElo "2380"]

1.Nf3 c5 2.e4 e6 3.Nc3 Nc6 4.d4 cxd4 5.Nxd4 d6 6.Be3 Nf6 7.Bc4 Be7 8.Qe2 a6
9.Bb3 Qc7 10.O-O-O O-O 11.g4 Nxd4 12.Rxd4 b5 13.g5 Nd7 14.Qh5 g6 15.Qh6 Ne5
16.Rg1 Re8 17.Rg3 Bf8 18.Qh4 Rb8 19.f4 b4 20.Ne2 Nc6 21.f5 exf5 22.Nf4 Be6
23.exf5 Bxb3 24.axb3 Ne7 25.Nh5 gxh5 26.g6 fxg6 27.Rc4 Nxf5 28.Qh3 Qf7  0-1

[Event "FIN-ch"]
[Site "Helsinki"]
[Date "1997.??.??"]
[Round "8"]
[White "Agopov, Mikael"]
[Black "Pyhala, Antti"]
[Result "1/2-1/2"]
[WhiteElo "2305"]
[BlackElo "2315"]

1.e4 c5 2.Nf3 e6 3.d4 cxd4 4.Nxd4 Nc6 5.Nc3 Qc7 6.Be3 a6 7.Bd3 b5 8.Nxc6 dxc6
9.f4 e5 10.fxe5 Qxe5 11.Qd2 Bc5 12.Bf4 Qe7 13.O-O-O Be6 14.e5 Bb4 15.Be4 Rc8
16.Bg5 f6 17.exf6 Nxf6 18.Rhe1 Bxc3 19.Qxc3 Nxe4 20.Rxe4 Qxg5+ 21.Kb1 O-O
22.Rxe6 Qxg2 23.b3 Rf1 24.Rxf1 Qxf1+ 25.Kb2 c5 26.Qe5 b4 27.Re8+ Rxe8 28.Qxe8+ Qf8
29.Qe6+ Kh8 30.Qxa6 g5 31.a4 bxa3+ 32.Kxa3 Kg7 33.c3 g4 34.Qb7+ Kg6 35.Qe4+ Qf5
36.Qe8+ Kg5 37.Qe3+ Kf6 38.Qh6+ Ke5 39.Ka4 Qf4+ 40.Qxf4+ Kxf4 41.b4 cxb4
42.cxb4 Ke5 43.Ka5 Kd6 44.Ka6 Kc7 45.Ka7 Kc6 46.Ka6 Kc7 47.Ka7 Kc6  1/2-1/2

[Event "FIN-ch"]
[Site "Helsinki"]
[Date "1997.??.??"]
[Round "9"]
[White "Pulkkinen, Kari"]
[Black "Agopov, Mikael"]
[Result "1-0"]
[WhiteElo "2325"]
[BlackElo "2305"]

1.e4 c5 2.Nf3 e6 3.d4 cxd4 4.Nxd4 Nc6 5.Nc3 Qc7 6.Be2 a6 7.Be3 Nf6 8.O-O Be7
9.f4 d6 10.Qe1 O-O 11.Qg3 Na5 12.e5 dxe5 13.fxe5 Nd7 14.Nf3 Bc5 15.Bxc5 Qxc5+
16.Kh1 Nc6 17.Bd3 Ncxe5 18.Bxh7+ Kxh7 19.Ne4 Qc7 20.Nfg5+ Kg8 21.Qh4 Re8
22.Qh7+ Kf8 23.Qh8+ Ke7 24.Qxg7 Rf8 25.Rad1 b6 26.Nh7 Bb7 27.Qg5+ f6 28.Nhxf6 Nxf6
29.Nxf6 Bxg2+ 30.Kxg2 Qxc2+ 31.Kh1 Qc6+ 32.Ne4+  1-0

[Event "HUN-chT2 9798"]
[Site "HUN"]
[Date "1997.??.??"]
[Round "?"]
[White "Farkas, Tibor"]
[Black "Adorjan, Andras"]
[Result "0-1"]
[WhiteElo "2315"]
[BlackElo "2530"]

1.e4 c5 2.Nc3 e6 3.Nf3 Nc6 4.d4 cxd4 5.Nxd4 Be7 6.g3 d6 7.Bg2 Bd7 8.O-O Nf6
9.Nde2 a6 10.b3 b5 11.a3 Rc8 12.Bb2 Qb6 13.Qd2 O-O 14.h3 Rfd8 15.Kh2 Qb8
16.f4 b4 17.Nd1 bxa3 18.Bxa3 d5 19.exd5 Bxa3 20.Rxa3 Nb4 21.Ne3 Bc6 22.Nd4 Bxd5
23.Nxd5 Nfxd5 24.c4 Ne7 25.Qc3 Qb6 26.Ra4 a5 27.Nf3 Ned5 28.Qe1 Ne3 29.Rg1 Rd3  0-1

[Event "HUN-chT 9798"]
[Site "Hungary"]
[Date "1997.??.??"]
[Round "?"]
[White "Hazai, Laszlo"]
[Black "Priehoda, Vitezslav"]
[Result "1/2-1/2"]
[WhiteElo "2455"]
[BlackElo "2425"]

1.e4 c5 2.Nf3 Nc6 3.d4 cxd4 4.Nxd4 e6 5.Nc3 Qc7 6.Be2 Nf6 7.O-O a6 8.Be3 b5
9.Nxc6 dxc6 10.f4 Bb7 11.e5  1/2-1/2

[Event "ISL-chT"]
[Site "Iceland"]
[Date "1997.??.??"]
[Round "?"]
[White "Gunnarsson, Jon Viktor"]
[Black "Kristinsson, Jon"]
[Result "1-0"]
[WhiteElo "2270"]
[BlackElo "2335"]

1.e4 c5 2.Nf3 e6 3.d4 cxd4 4.Nxd4 Nc6 5.Nc3 Qc7 6.Be2 a6 7.Be3 b5 8.O-O Bb7
9.a3 Nf6 10.Qd2 Be7 11.f4 d6 12.Nb3 O-O 13.Bf3 Rfe8 14.g4 b4 15.axb4 Nxb4
16.Na5 d5 17.Nxb7 Qxb7 18.exd5 exd5 19.Bd4 Ne4 20.Qg2 Rac8 21.Nxe4 Nxc2 22.Ng5 Bxg5
23.fxg5 Nxd4 24.Bxd5 Qb6 25.Bxf7+ Kh8 26.Bxe8  1-0

[Event "Isle of Man op"]
[Site "Isle of Man"]
[Date "1997.??.??"]
[Round "7"]
[White "Agnos, Demetrios"]
[Black "David, Alberto"]
[Result "0-1"]
[WhiteElo "2515"]
[BlackElo "2460"]

1.e4 c5 2.Nf3 e6 3.d4 cxd4 4.Nxd4 Nc6 5.Nc3 Qc7 6.Be3 a6 7.Be2 Nf6 8.O-O Be7
9.f4 d6 10.Kh1 O-O 11.Qe1 Nxd4 12.Bxd4 b5 13.a3 Bb7 14.Qg3 Bc6 15.Rae1 Qb7
16.Bd3 b4 17.Nb1 g6 18.Nd2 Nh5 19.Qh3 Qc7 20.f5 e5 21.Be3 bxa3 22.bxa3 Bb5
23.c4 Bc6 24.g4 Nf4 25.Bxf4 exf4 26.Qh6 Qa5 27.Qxf4 Qc3 28.Qe3 Bf6 29.Nf3 Rae8
30.g5 Be5 31.f6 Re6 32.Rc1 Qxa3 33.Nd2 Bf4 34.Qxf4 Qxd3 35.Rce1 Rfe8 36.Rf3 Qd4
37.Qe3 Qe5 38.Rh3 h5 39.Rh4 a5 40.Qf4 Qc5 41.Rh3 Re5 42.Rd3 a4 43.h4 a3 44.Qe3 Bxe4+  0-1